| 000 | 00000nam##2200000za#4500 |
| 001 | 9.581000 |
| 003 | CaOODSP |
| 005 | 20231208112832 |
| 007 | cr ||||||||||| |
| 008 | 150406|2010||||xxc|||||o f|0| 0 eng|d |
| 040 | |aCaOODSP|beng |
| 043 | |an-cn--- |
| 086 | 1 |aPS83-5/R231E-PDF |
| 110 | 1 |aCorrectional Service Canada. |bResearch Branch. |
| 245 | 10|aOffenders serving life and indeterminate sentences : |h[electronic resource]|bSnapshot (2009) and Changing profile (1998 to 2008) / |cPrepared by: Research Branch. |
| 260 | |aOttawa - Ontario : |bCorrectional Service Canada. |cDecember 2010. |
| 300 | |a1p. |
| 490 | 1 |aResearch at a glance|vR-231 |
| 590 | |a14-19-Supp|b2014-11-03 |
| 775 | 08|tDélinquants purgeant une peine d'emprisonnement à perpétuité ou une peine d'une durée indéterminée : |w(CaOODSP)9.607886 |
| 830 | #0|aResearch at a glance (Correctional Service Canada)|vR-231|w(CaOODSP)9.506649 |
| 856 | 40|ahttp://publications.gc.ca|qPDF|s193 KB|uhttps://publications.gc.ca/collections/collection_2014/scc-csc/PS83-5-R231-eng.pdf|yR-231 |